| 000 | 00791nam a22002177a 4500 | ||
|---|---|---|---|
| 003 | OSt | ||
| 005 | 20150408114111.0 | ||
| 008 | 130124s 2012jo b f |||| 00| 0 are d | ||
| 040 | _aMa- un | ||
| 082 |
_221 _a658.8 _bع أ إ |
||
| 100 |
_aالعسكري، أحمد شاكر _919707 |
||
| 245 |
_aإدارة المبيعات : _bمدخل كمي وسلوكي وإداري / _cأحمد شاكر العسكري. |
||
| 250 | _aط. 1. | ||
| 260 |
_aعمان، الأردن : _bدار زهران للنشر والتوزيع، _c2012. |
||
| 300 |
_a246 ص. ؛ _c 24 سم. |
||
| 500 | _aقائمة بمصطلحات تسويقية : ص 235-242. | ||
| 504 | _aببليوجرافية : ص 245-247. | ||
| 650 |
_99702 _aادارة المبيعات |
||
| 650 | _aالتسويق | ||
| 942 |
_2ddc _cBOOK |
||
| 999 |
_c26980 _d261480 |
||